000 00433nam a2200181Ia 4500
001 11102
005 20260306161921.0
008 260306t1964||||xx |||||||||||||| ||spa||
041 _aESP
082 _a985.009
_bB141A
100 _aAlva Orlandini, Hernán
_eAUT
245 0 _aBiblioteca hombres del Perú
260 _c1964
300 _a145 páginas :
_c19 cm.
650 _aGEN
654 _aCHU
942 _cLIB
_dJUS
_fJUS
_2ddc
_n
999 _c11102
_d11102